000 00724nam a2200217Ii 4500
003 JO-AjNU
008 230605s9999||||xx |||||||||||||| ||und||
017 _a2008/3/589
040 _aJO-AjNU
_bara
_erda
_cJO-AjNU
041 _aara
050 1 4 _aPJ8054.H32 2008
100 3 _aحداد، نبيل يوسف ؛ مريم جبر فريحات,
_eauthor
_949192
245 0 0 _aمعجم أدباء إربد (الرواية والقصة)
250 _aط1
264 3 1 _aعمان:وزارة الثقافة،2008
300 _a355ص
336 _atext
_btxt
_2rdacontent
337 _aunmediated
_bn
_2rdamedia
338 _avolume
_bnc
_2rdacarrier
650 4 _aالأدب العربي - تراجم - أدباء إربد
_949193
999 _aA21591
_c25159
_d25159